Manual de Derecho Civil vigente en Cataluña, ó sea resúmen de... disposiciones del Derecho Real posteriores al decreto llamado de Nueva planta y de las anteriores así del Derecho municipal, como del canónico y romano aplicables á nuestras costumbres / (Record no. 153624)
[ view plain ]
| 000 -LEADER | |
|---|---|
| campo de control de longitud fija | 00991nam a22002175i 4500 |
| 001 - NÚMERO DE CONTROL | |
| campo de control | 153624 |
| 003 - IDENTIFICADOR DE NÚMERO DE CONTROL | |
| campo de control | ES-MaACL |
| 005 - FECHA Y HORA DE LA ÚLTIMA TRANSACCIÓN | |
| campo de control | 20250808084936.0 |
| 008 - DATOS DE LONGITUD FIJA--INFORMACIÓN GENERAL | |
| campo de control de longitud fija | 990927m18421843sp l |||| | spa d |
| 040 ## - FUENTE DE CATALOGACIÓN | |
| Centro catalogador/agencia de origen | CCPB | B |
| Lengua de catalogación | spa |
| Centro/agencia transcriptor | CCPB | B |
| 100 0# - ENTRADA PRINCIPAL--NOMBRE DE PERSONA | |
| Nombre de persona | Elías, José Antonio. |
| 9 (RLIN) | 46964 |
| 245 10 - MENCIÓN DEL TÍTULO | |
| Título | Manual de Derecho Civil vigente en Cataluña, ó sea resúmen de... disposiciones del Derecho Real posteriores al decreto llamado de Nueva planta y de las anteriores así del Derecho municipal, como del canónico y romano aplicables á nuestras costumbres / |
| Mención de responsabilidad, etc. | Por D.J.A.E. y D.E. de P. |
| 260 ## - PUBLICACIÓN, DISTRIBUCIÓN, ETC. | |
| Lugar de publicación, distribución, etc. | Barcelona : |
| Nombre del editor, distribuidor, etc. | [s.n.], |
| Fecha de publicación, distribución, etc. | 1842-1843 ( |
| Fabricante | Imprenta del Constitucional) |
| 300 ## - DESCRIPCIÓN FÍSICA | |
| Extensión | 2 v. (317 p. , [4] h. pleg. ; 383 p. , [4] h. pleg.) ; |
| Dimensiones | 15 cm. |
| 504 ## - NOTA DE BIBLIOGRAFÍA, ETC. | |
| Nota de bibliografía, etc. | Índice (vol. 2) |
| 510 4# - NOTA DE CITAS O REFERENCIAS BIBLIOGRÁFICAS | |
| Nombre de la fuente | REBIUN, 29/09/05 |
| 650 04 - PUNTO DE ACCESO ADICIONAL DE MATERIA--TÉRMINO DE MATERIA | |
| Término de materia o nombre geográfico como elemento de entrada | Derecho civil- |
| Subdivisión geográfica | España |
| 9 (RLIN) | 11659 |
| 700 0# - ENTRADA AGREGADA--NOMBRE PERSONAL | |
| Nombre de persona | Ferrater, Esteban de. |
| 9 (RLIN) | 50336 |
| 852 ## - LOCALIZACIÓN | |
| Ubicación | ES-MaACL |
| Número de control de estantería | D-482-83 |
| Nota libre | -- Enc. pasta española |
| Estatus retirado | Estado de pérdida | Estado de daño | No para préstamo | Colección | Biblioteca de origen | Biblioteca actual | Ubicación en estantería | Fecha de adquisición | Total de préstamos | Signatura topográfica completa | Código de barras | Visto por última vez | Precio de reemplazo | Tipo de ítem Koha |
|---|---|---|---|---|---|---|---|---|---|---|---|---|---|---|
| Libros del s. XIX | Biblioteca del Ateneo de Madrid | Biblioteca del Ateneo de Madrid | Sala Valle Inclán | 17/01/2008 | D-482-83 | 901160598 | 23/02/2023 | 23/02/2023 | Libro impreso antiguo |
